Szatócsbolt és pékműhely

Elmentve itt :
Bibliográfiai részletek
Szerző: Lele József
Dokumentumtípus: Cikk
Megjelent: 1983-05-11
Sorozat:Délmagyarország 73 No. 110
Kulcsszavak:Tápé, Népi mesterségek pék, Népélet kereskedés
Online Access:http://dmarchiv.bibl.u-szeged.hu/87516
LEADER 00489nab a2200157 i 4500
001 delm87516
005 20190627124158.0
008 190627s1983 hu o 0|| hun d
040 |a SZTE Délmagyarország Archívum  |b hun 
041 |a hun 
100 1 |a Lele József 
245 1 0 |a Szatócsbolt és pékműhely  |h [elektronikus dokumentum] /  |c ifj. Lele József 
260 |c 1983-05-11 
300 |a 4 
490 0 |a Délmagyarország  |v 73 No. 110 
695 |a Tápé, Népi mesterségek pék, Népélet kereskedés